Normal view MARC view
  • Bora Rutuja R

Entry Personal Name

Number of records used in: 2

001 - CONTROL NUMBER

  • control field: 182882

003 - CONTROL NUMBER IDENTIFIER

  • control field: OSt

005 - DATE AND TIME OF LATEST TRANSACTION

  • control field: 20230605085008.0

008 - FIXED-LENGTH DATA ELEMENTS

  • fixed length control field: 230605|| aca||aabn | a|a d

040 ## - CATALOGING SOURCE

  • Original cataloging agency: OSt
  • Transcribing agency: OSt

100 ## - HEADING--PERSONAL NAME

  • Personal name: Bora Rutuja R

670 ## - SOURCE DATA FOUND

  • Source citation: Work cat.: (OSt)160946: Bora Rutuja R, School As An Ecosystem For Inclusive Learning, 2016